000 00417nam a22001457a 4500
005 20170803093718.0
008 170803b xxu||||| |||| 00| 0 eng d
040 _cPK-LaUMT
082 _aZIAC 297.03
_bHAQ-I
100 _aHaq Muhammad , G . A.
245 _aIslami istelahat/
_cG . A. Haq Muhammad
260 _aاسلام آباد:
_bاکیڈمی معارف اسلامیہ،
_c1992
300 _a320 ص
942 _cBK
999 _c96298
_d96298